| 000 | 01113pam a2200301 a 4500 | ||
|---|---|---|---|
| 001 | 1652 | ||
| 005 | 20260302101301.0 | ||
| 020 | _a078073003990 | ||
| 040 |
_aDLC _cDLC _dDLC _beng |
||
| 050 | 0 | 0 |
_aPZ7.P63123 _bCap 1999 |
| 082 | 0 | 0 |
_a808.0683 _221 |
| 100 | 1 |
_aPilkey, Dav _d1966- |
|
| 245 | 0 | 0 |
_aCaptain Underpants and the attack of the talking toilets / _cAnother Epic Novel By Dav Pilkey |
| 250 | _aFirst Scholastic Paperback printing, January 1999 | ||
| 260 |
_aNew York : _bScholastic, _c1999 |
||
| 300 |
_a136 pages : _billustrations ; _c20 cm |
||
| 505 | _aR | ||
| 520 | _aPrincipal Krupp once again turns into the superhero Captain Underpants in order to save the world, and Jerome Horwitz Elementary School, from the evil talking toilets and the Turbo Toilet 2000. | ||
| 521 |
_a780
_bLexile |
||
| 521 |
_aR
_bRaz-Plus |
||
| 650 | 1 |
_aSchools _xFiction. |
|
| 650 | 1 |
_aSchool principals _xFiction. |
|
| 650 | 1 |
_aHeroes _xFiction. |
|
| 650 | 1 |
_aCartoons and comics _xFiction. |
|
| 650 | 1 | _aHumorous stories. | |
| 906 |
_a7 _bcbc _corignew _d1 _eocip _f19 _gy-gencatlg |
||
| 942 |
_2ddc _cBK _n0 |
||
| 999 |
_c1652 _d1652 |
||